[Event "79th GEO-ch 2020"]
[Site "Tbilisi"]
[Date "2020.01.31"]
[Round "1.4"]
[White "Shanava, Konstantine"]
[Black "Quparadze, Giga"]
[Result "1-0"]
[WhiteElo "2507"]
[BlackElo "2462"]
[Annotator "TA"]
[PlyCount "91"]
[EventDate "2020.01.29"]
[EventType "k.o."]
[EventCountry "GEO"]
[SourceTitle "playchess.com"]
[Source "ChessBase"]
[SourceQuality "1"]

{[%evp 13,91,10,29,0,2,-7,-10,-28,-13,-13,-20,-31,-24,-31,-31,-41,2,0,22,0,0,-51,-16,-36,-24,-65,-89,-58,-80,-89,-89,-329,-297,-344,-94,-54,-83,-64,33,36,347,332,310,325,320,325,852,860,843,854,846,841,829,811,1729,1608,6636,2373,29986,1031,949,871,620,610,29988,29989,29989,29990,29994,29995,29995,29996,29996,29996,29996,29997,29997,29998,29998,29999]} 1. e4 c5 2. Nf3 e6 3. d4 cxd4 4. Nxd4 a6 5. Nc3 Qc7 6. Bd3 Nf6 7. O-O d6 8. Nb3 {B43: Sicilian: Kan Variation: 5 Nc3} Nbd7 9. f4 b5 {[%cal Bb7b5,Bb5b4][%mdl 32]} 10. Qe2 {The position is equal.} Bb7 11. Bd2 Be7 12. Rae1 b4 13. Nd1 {[#]} a5 $146 ({Predecessor:} 13... d5 14. e5 Ne4 15. Be3 O-O 16. Nf2 Ndc5 17. Bd4 Nxb3 18. axb3 Bc5 19. Qe3 Rfc8 20. Bxe4 dxe4 {½-½ (35) Sunilduth Lyna,N (2568)-Kunte,A (2503) Patna 2017}) 14. Kh1 g6 15. e5 Nd5 16. Nd4 O-O 17. Nf2 (17. Nb5 $11 Qb8 18. Nf2) 17... Qb6 18. Nf3 Nc5 19. Ng4 Nxd3 20. cxd3 Rac8 {[%cal Ba8c8,Bc8c2,Bc2b2][%mdl 32]} 21. Ng5 Rc2 {[#] aiming for ...Nxf4!} 22. Ne4 $2 (22. exd6 $17 Qxd6 23. Qd1) 22... Rxb2 $19 23. Qf3 f5 $2 (23... Rxa2 $19 {is more deadly. And now ...a4 would win.} 24. Ra1 Rxa1 25. Rxa1 h5 26. Ngf6+ Nxf6 27. exf6 Bxe4 28. dxe4 Bxf6) 24. exf6 $17 Nxf6 25. Be3 Qb5 (25... Bxe4 $1 $15 26. dxe4 Qc6) 26. Bd4 $1 $14 {[%csl LRb2,LRf6]} Bxe4 $4 {[%mdl 8192]} (26... Nxg4 $1 $14 27. Bxb2 (27. Qxg4 Rc2 $15) 27... Qh5) 27. Qxe4 $18 Nxg4 28. Qxe6+ {[%mdl 64] Double Attack} ({But not} 28. Bxb2 e5 $18) 28... Rf7 {Strongly threatening ...Qh5!} 29. Bxb2 Nh6 $2 {[#]} (29... Qf5 30. Qb3 Kf8) 30. f5 $1 {[%mdl 64] Deflection} Nxf5 (30... gxf5 31. Qxh6) 31. g4 Qb7+ 32. Kg1 Qa7+ 33. d4 Bh4 34. gxf5 Bxe1 35. Rxe1 ({Less strong is} 35. Qxe1 Qe7 $18) 35... Kg7 36. Qe3 (36. Qxd6 $142 Rd7 37. f6+ Kh6 38. Bc1+ g5 39. f7+ Rxd6 40. f8=Q+ {[%mdl 64] Double Attack} Kh5 41. Qxd6) 36... d5 37. Qe5+ Kg8 38. Qxd5 {Intending Re8+ and mate.} gxf5 39. Re8+ {White mates.} Kg7 40. Qe5+ Kg6 41. Re6+ Kh5 42. Qe2+ Kg5 43. Qg2+ Kh5 44. Qh3+ Kg5 45. Qh6+ Kg4 46. h3+ {Accuracy: White = 75%, Black = 51%.} 1-0

[Event "79th GEO-ch 2020"]
[Site "Tbilisi"]
[Date "2020.01.31"]
[Round "1.4"]
[White "Morchiashvili, Bachana"]
[Black "Jojua, Davit"]
[Result "1-0"]
[WhiteElo "2312"]
[BlackElo "2563"]
[Annotator "TA"]
[PlyCount "73"]
[EventDate "2020.01.29"]
[EventType "k.o."]
[EventCountry "GEO"]
[SourceTitle "playchess.com"]
[Source "ChessBase"]
[SourceQuality "1"]

{[%evp 18,73,26,22,47,0,0,0,0,0,7,0,13,0,8,0,0,0,0,-2,-16,-33,-50,-91,-82,-85,61,54,51,-7,0,-4,0,0,8,8,8,8,8,8,12,12,12,8,33,28,18,0,0,-15,0,54,112,55,29996,29997,29997,29998]} 1. d4 Nf6 2. c4 g6 3. Nc3 d5 4. cxd5 Nxd5 5. e4 Nxc3 6. bxc3 Bg7 7. Nf3 c5 8. Rb1 O-O 9. Be2 b6 10. O-O e6 {D85: Exchange Grünfeld: Unusual White 7th moves and lines with 7 Nf3} 11. Be3 cxd4 12. cxd4 Bb7 {The position is equal.} 13. Qd3 {[#]} Nc6 $146 ({Predecessor:} 13... Ba6 14. Qd2 Bxe2 15. Qxe2 Nc6 16. Rfd1 Re8 17. Rbc1 Rc8 18. Qb5 Qd7 19. Rc4 Qb7 {1-0 (34) Von Auer,U-Jacobs,T Frankfurt 2001}) 14. Rfd1 Qd6 15. Bg5 Rac8 16. h4 h6 17. Bc1 {White wants to play Ba3.} Rfd8 {[%cal Rc6d4]} 18. Ba3 Qd7 {[%cal Rc6d4]} 19. Qe3 Nxd4 20. Nxd4 Bxd4 21. Qxh6 {[#] Strongly threatening Rxd4!} Qa4 (21... Bxe4 $17 22. Rb4 e5) 22. Rxd4 $1 $14 Qxa3 (22... Qxd4 $2 {loses.} 23. Bb2 $18) (22... Rxd4 $2 {perishes.} 23. Be7 $18) 23. Rxd8+ (23. h5 $1 $14 Qf8 24. Rxd8 Rxd8 25. Qe3) 23... Rxd8 $11 24. Qg5 Rc8 25. Bf3 Qxa2 26. Rd1 {h5 is the strong threat.} Qc2 $132 {[%mdl 2048] Black is not keeping still} 27. Qe5 Qc7 28. Qf6 {Threatens to win with h5.} Re8 29. h5 {Intending h6 and mate.} Qe7 30. Qa1 a6 31. hxg6 fxg6 32. Qb1 b5 33. e5 Bxf3 (33... Kg7 $11) 34. Qxg6+ $14 Kf8 (34... Kh8 $14 35. Rd3 Rf8 36. Qh6+ Kg8) 35. Rd4 (35. Rd3 $16 Bd5 36. Rg3) 35... Qc5 $2 {[%mdl 8192] [#]} (35... Qf7 $14 36. Qg3 Bd5) 36. Qf6+ (36. Rf4+ Ke7 $14) 36... Kg8 37. Qg5+ {Accuracy: White = 86%, Black = 62%.} 1-0

[Event "79th GEO-ch 2020"]
[Site "Tbilisi"]
[Date "2020.01.31"]
[Round "1.5"]
[White "Jojua, Davit"]
[Black "Morchiashvili, Bachana"]
[Result "0-1"]
[WhiteElo "2563"]
[BlackElo "2312"]
[Annotator "TA"]
[PlyCount "58"]
[EventDate "2020.01.29"]
[EventType "k.o."]
[EventCountry "GEO"]
[SourceTitle "playchess.com"]
[Source "ChessBase"]
[SourceQuality "1"]

{[%evp 29,58,0,42,-15,-12,-12,16,-30,-4,-23,0,-204,-192,-195,-206,-197,-202,-232,-213,-433,-418,-422,-431,-473,-425,-548,-548,-503,-500,-585,-575]} 1. d4 Nf6 2. c4 g6 3. g3 Bg7 4. Bg2 O-O 5. Nc3 d6 6. Nf3 Nbd7 7. O-O e5 8. e4 c6 9. h3 exd4 10. Nxd4 Re8 11. Be3 a5 12. Qc2 a4 13. Rad1 Qa5 14. Rfe1 Nc5 15. f4 Nfd7 {[#]} (15... Be6 $5) 16. Nb1 $146 {[#] E69: King's Indian: Fianchetto: 6...Nbd7 7 0-0 e5 8 e4 c6 9 h3} (16. Kh2 $14) ({Predecessor:} 16. Bf2 Nb6 17. Bf1 Qb4 18. a3 Qa5 19. Nb1 Bd7 20. b4 axb3 21. Nxb3 Qa4 22. Rxd6 Nxe4 23. Rxe4 Rxe4 24. Bxb6 {1-0 (60) Lysenko,M (2224)-Savitskiy,S (2418) Yekaterinburg 2019}) 16... f5 $1 $11 {[%cal Rc5e4][%mdl 512]} 17. Nc3 (17. exf5 Bxd4) 17... fxe4 $1 18. Nxe4 {The position is equal.} Nxe4 19. Bxe4 Nc5 {[%mdl 64] Discovered Attack} 20. Nxc6 $2 (20. Bxg6 $1 $11 {and White has nothing to worry.} hxg6 21. Qxg6 {[%mdl 64] Double Attack}) 20... bxc6 $19 21. Bxc6 Bf5 ({Don't do} 21... Bxh3 22. Qd2 $17) 22. Qd2 Qxd2 23. Rxd2 Nd3 ({Not} 23... Bxh3 24. Rxd6 Rac8 25. Bxe8 $15) 24. Ree2 $2 {[#]} (24. Bxe8 Rxe8 25. Ree2) 24... Rxe3 $1 {[%mdl 576] Remove Defender} 25. Rxe3 Bd4 {Black is clearly winning.} 26. Rde2 Rb8 27. Bb5 Nxb2 28. Kg2 Bxe3 29. Rxe3 {[#]} d5 $1 {Accuracy: White = 18%, Black = 100%.} 0-1

[Event "79th GEO-ch 2020"]
[Site "Tbilisi"]
[Date "2020.01.29"]
[Round "1.5"]
[White "Patsia, Zviad"]
[Black "Pantsulaia, Levan"]
[Result "0-1"]
[WhiteElo "2197"]
[BlackElo "2598"]
[Annotator "TA"]
[PlyCount "30"]
[EventDate "2020.01.29"]
[EventType "k.o."]
[EventCountry "GEO"]
[SourceTitle "playchess.com"]
[Source "ChessBase"]
[SourceQuality "1"]

{[%evp 13,30,41,45,25,35,39,74,60,109,-23,-15,-35,-42,-47,-20,-287,-279,-408,-410]} 1. e4 c5 2. Nf3 e6 3. d4 cxd4 4. Nxd4 a6 5. Bd3 g6 6. O-O Bg7 7. Be3 Nc6 8. c3 {B42: Sicilian: Kan Variation: 5 Bd3} Nge7 9. Nd2 d5 (9... O-O 10. f4 b5 11. f5 exf5 12. exf5 Nd5 13. Bf2 Nxd4 14. cxd4 Bb7 {½-½ (41) Ivanov,A (2587)-Stripunsky,A (2597) New York 2006}) 10. exd5 {White is better.} Ne5 $146 {[#]} ({Predecessor:} 10... exd5 11. Re1 Ne5 12. Bf1 O-O 13. Qb3 Nf5 14. Nxf5 Bxf5 15. Qxb7 Rb8 16. Qxa6 Rxb2 {½-½ (31) Demidowicz,M (2077)-Poznanska,K (2077) Wroclaw 2011}) 11. d6 (11. dxe6 $1 $16 {Black must now prevent Qa4+.} Nxd3 12. exf7+ Kxf7 13. Bg5 (13. Ne4 Ne5 $11)) 11... Nd5 $1 $11 {[%cal Rd5e3]} 12. Ne4 f5 {[%mdl 1024] Black has compensation.} 13. Bg5 Qb6 14. Qa4+ $2 {[%mdl 8192]} (14. Ng3 $11 {and White stays safe.}) 14... Bd7 $19 15. Bb5 (15. Qc2 $142 Nxd3 16. Qxd3 fxe4 17. Qxe4 Bxd4 18. Qxd4 Qxd4 19. cxd4) 15... Bxb5 ({Less strong is} 15... axb5 16. Qxa8+ Kf7 17. Qa3 $19) 0-1

[Event "79th GEO-ch 2020"]
[Site "Tbilisi"]
[Date "2020.01.29"]
[Round "1.6"]
[White "Gagunashvili, Merab"]
[Black "Lomsadze, Davit"]
[Result "1-0"]
[WhiteElo "2580"]
[BlackElo "2306"]
[Annotator "TA"]
[PlyCount "79"]
[EventDate "2020.01.29"]
[EventType "k.o."]
[EventCountry "GEO"]
[SourceTitle "playchess.com"]
[Source "ChessBase"]
[SourceQuality "1"]

{[%evp 21,79,16,22,18,23,16,19,17,33,16,59,53,61,54,91,54,41,57,56,54,64,66,69,79,64,75,78,77,144,28,73,62,128,0,0,0,0,-14,0,0,0,-20,-20,-23,0,0,162,177,183,108,114,24,106,106,204,142,148,76,1395,1350]} 1. e4 e5 2. Nf3 Nc6 3. Bb5 a6 4. Ba4 g6 5. O-O Bg7 6. c3 d6 7. d4 Bd7 8. d5 Nce7 9. Bxd7+ Qxd7 10. c4 h6 11. Nc3 f5 12. Ne1 {C76: Ruy Lopez: Deferred Steinitz: 5 c3 Bd7 6 d4 g6} Nf6 13. f3 O-O 14. Nd3 {[#] The position is equal.} Rad8 $146 ({Predecessor:} 14... g5 15. exf5 Qxf5 16. Nf2 b5 17. Qe2 c6 18. Nfe4 Nxe4 19. Nxe4 bxc4 20. Nxd6 {0-1 (53) Gopal,G (2579)-Caruana,F (2827) Caleta 2017}) 15. Be3 c5 16. Rb1 b5 17. cxb5 c4 18. Nb4 axb5 19. b3 {[%cal Bb2b3,Bb3a4][%mdl 32]} Rc8 20. Qd2 g5 21. a4 bxa4 22. bxa4 g4 23. Bxh6 Bxh6 24. Qxh6 Kf7 ({Better is} 24... f4) 25. Qd2 (25. fxg4 $16 {Black must now prevent g5.} Rh8 26. Qd2 Qa7+ 27. Kh1) 25... gxf3 26. Rxf3 f4 27. Rh3 ({White should try} 27. Qe2 $1 $16) 27... Rg8 $11 28. Kh1 Rg7 {Strongly threatening ...Rcg8.} 29. Nc6 Nxc6 30. dxc6 Qxc6 31. Qe1 Rcg8 32. Rb2 Qd7 {...Rxg2! is the strong threat.} 33. Qf1 d5 $2 {[#]} (33... Qc6 $11 {and Black stays safe.}) 34. exd5 $1 $18 Rc8 {[#]} 35. Qb1 (35. a5 $1 $18) 35... Kg8 $16 36. Rb8 (36. Rd2 $16) 36... Qc7 (36... Qg4 $1 $11 37. Rxc8+ Qxc8) 37. Rb6 $36 {[%mdl 2048] White is really pushing.} Qf7 (37... Rf8 $16 {might work better.}) 38. Qf5 Rf8 39. Rh6 ({White should play} 39. Qxe5 {Threatens to win with Rb8.} Ng4 40. Qe1) 39... Nd7 $2 {[%mdl 8192] [#]} (39... Ng4 $16 40. Qxf7+ Kxf7) 40. Qh3 $1 {[%mdl 512] Accuracy: White = 46%, Black = 35%.} 1-0

[Event "79th GEO-ch 2020"]
[Site "Tbilisi"]
[Date "2020.01.31"]
[Round "1.6"]
[White "Morchiashvili, Bachana"]
[Black "Jojua, Davit"]
[Result "1/2-1/2"]
[WhiteElo "2312"]
[BlackElo "2563"]
[Annotator "TA"]
[PlyCount "83"]
[EventDate "2020.01.29"]
[EventType "k.o."]
[EventCountry "GEO"]
[SourceTitle "playchess.com"]
[Source "ChessBase"]
[SourceQuality "1"]

{[%evp 25,83,-6,0,0,2,7,31,36,24,17,17,0,0,0,25,-29,-20,-27,0,-37,-27,-20,-15,-14,0,-37,-20,-16,0,0,70,0,0,0,-5,-102,0,0,623,611,572,626,595,576,628,604,600,588,559,568,632,633,630,627,608,581,593,584,593,590]} 1. c4 g6 2. g3 Bg7 3. Bg2 Nf6 4. Nc3 O-O 5. Nf3 d6 6. O-O e5 7. d3 Re8 8. Bg5 h6 9. Bxf6 Bxf6 10. Rb1 a5 11. a3 c6 12. b4 axb4 13. axb4 d5 14. cxd5 {A24: English Opening vs King's Indian: Lines without ...Nc6} cxd5 {White must now prevent ...e4.} 15. e4 d4 16. Nd5 {White is slightly better.} Be6 17. Nd2 Bg7 18. Nc4 b5 $36 {[%mdl 2048] Black fights for an advantage.} 19. Na5 {[#]} Ra7 $146 ({Predecessor:} 19... Na6 20. Nb7 Qb8 21. Nc5 Qd6 22. Qd2 Rac8 {½-½ (22) Varun,V (2064)-Padhya,S (2244) Calicut 2013}) 20. f4 (20. Qd2 $142) 20... exf4 $11 21. Nxf4 Rc7 22. Bh3 Bxh3 23. Nxh3 Nd7 24. Nf4 Nb6 25. Qb3 {Black should prevent Nxg6.} Qg5 26. Rf2 h5 27. Rbf1 h4 ({Black should try} 27... Ree7 $11) 28. Kg2 (28. Ng2 $14 Ree7 29. Nxh4) 28... hxg3 29. hxg3 {Nh3 is the strong threat.} Be5 {aiming for ...Nd7.} 30. Qa2 (30. Rf3 $11 {remains equal.}) 30... Rec8 (30... Nd7 $17 {And now ...Nf6 would win.} 31. Nd5 Qxg3+ {[%mdl 64] Double Attack} 32. Kh1 Qh4+ 33. Kg1 {[#]} Rc1 $1 {[%mdl 512]}) 31. Ne2 {[%cal Rf2f7]} Qe7 $2 {[%mdl 8192]} (31... Nc4 $11 32. dxc4 bxc4) 32. Rxf7 $18 {White is clearly winning.} Qxf7 33. Rxf7 Rxf7 34. Qe6 Rc2 35. Qe8+ Rf8 36. Qxe5 Rxe2+ 37. Kh3 Nd7 38. Qe6+ Rf7 39. Nc6 Nf8 40. Qd5 Kg7 41. Nxd4 Re3 {[#]} 42. Nf5+ $1 {[%mdl 33280] Accuracy: White = 70%, Black = 83%. . An unexpected result.} 1/2-1/2

[Event "79th GEO-ch 2020"]
[Site "Tbilisi"]
[Date "2020.01.29"]
[Round "1.7"]
[White "Quparadze, Giga"]
[Black "Shanava, Konstantine"]
[Result "0-1"]
[WhiteElo "2462"]
[BlackElo "2507"]
[Annotator "TA"]
[PlyCount "80"]
[EventDate "2020.01.29"]
[EventType "k.o."]
[EventCountry "GEO"]
[SourceTitle "playchess.com"]
[Source "ChessBase"]
[SourceQuality "1"]

{[%evp 14,80,40,28,33,36,25,27,37,31,107,115,125,57,64,58,51,51,61,50,95,85,71,85,60,43,100,120,105,118,118,96,90,87,93,-4,-16,-48,-54,-49,-44,-58,-47,-41,-36,-39,0,-10,-22,-54,-65,-119,-122,-285,-283,-608,-368,-360,-343,-331,-307,-5152,-5173,-1450,-1279,-5035,-5035,-1037,-1027]} 1. e4 c5 2. Nf3 d6 3. d4 cxd4 4. Nxd4 Nf6 5. Nc3 Nc6 6. Bg5 Bd7 7. Bxf6 gxf6 8. Nf5 Qa5 {B60: Sicilian: Richter-Rauzer: Unusual Black 6th moves and 6...Bd7 without 7 Qd2} (8... Bxf5 9. exf5 Qa5 10. Bb5 a6 11. Bxc6+ bxc6 12. Qf3 Qe5+ 13. Ne2 Qd5 14. Qxd5 cxd5 15. Nf4 Rc8 16. Nxd5 Rxc2 {1-0 (49) Solodovnichenko,Y (2587)-Shanava,K (2526) Konya 2016}) 9. Bb5 a6 10. Bxc6 bxc6 {White has an edge.} 11. Qd3 Qc5 ({Better is} 11... d5 $14 12. exd5 cxd5) 12. O-O $146 ({Predecessor:} 12. Rd1 a5 13. O-O Rg8 14. Rfe1 Rd8 15. b3 Bc8 16. Na4 {1-0 (51) Lengyel,B (2328)-Miroshnichenko,E (2483) Budapest 1999}) 12... e6 {[#]} 13. Ne3 (13. b4 $1 $16 {[%cal Rb4c5][%mdl 512]} Qxb4 14. Rab1) 13... Be7 $14 14. b3 d5 15. Na4 Qa7 16. Rad1 Rc8 17. c4 dxe4 18. Qxe4 c5 19. Qg4 Bxa4 {[#]} (19... Kf8 $14) 20. Qg7 $1 $16 {[%cal Rg7h8]} Rf8 {White must now prevent ...Bc6.} 21. bxa4 h5 22. Qh7 f5 23. Rfe1 Qc7 24. h4 (24. Qxh5 $16 Rg8 25. Rd3) 24... Qe5 $11 {And now ...Rh8 would win.} 25. Qxh5 {Nd5 is the strong threat.} Rh8 26. Qf3 {Hoping for Nd5.} Rxh4 27. Nf1 Re4 28. Rxe4 fxe4 29. Qg4 Kf8 30. Re1 f5 31. Qd1 Rd8 32. Qb3 (32. Qe2 $15) 32... Kf7 $17 33. Re3 $2 {[#]} (33. Rd1 $17 {was called for.}) 33... Qa1 $1 $19 {Strongly threatening ...Rd1!} 34. Qc2 $2 (34. Qc3 Rd1 35. Qxa1 Rxa1 36. Re2) 34... Bg5 35. Qc3 {[#]} Rd1 $1 {[%mdl 512]} 36. Qxa1 Rxa1 37. Ra3 $2 (37. Re2) 37... f4 {Black is clearly winning.} 38. Rb3 e3 39. fxe3 fxe3 {( -> ...e2)} 40. Rb2 Re1 {Accuracy: White = 40%, Black = 66%.} 0-1

[Event "79th GEO-ch 2020"]
[Site "Tbilisi"]
[Date "2020.01.29"]
[Round "1.8"]
[White "Nigalidze, Gaioz"]
[Black "Maghalashvili, Davit"]
[Result "1/2-1/2"]
[WhiteElo "2474"]
[BlackElo "2473"]
[Annotator "TA"]
[PlyCount "140"]
[EventDate "2020.01.29"]
[EventType "k.o."]
[EventCountry "GEO"]
[SourceTitle "playchess.com"]
[Source "ChessBase"]
[SourceQuality "1"]

{[%evp 21,140,9,22,7,2,10,28,21,33,21,35,1,6,0,3,0,35,35,37,49,48,27,45,31,49,52,61,50,127,72,72,85,83,82,92,91,135,100,101,91,102,103,103,0,12,0,0,18,91,87,90,97,84,32,31,37,145,158,166,150,142,136,314,270,281,0,0,0,0,0,0,0,0,0,0,0,0,-114,-137,-187,0,0,0,0,0,0,0,0,0,0,0,0,0,0,0,0,0,0,0,0,0,0,0,0,0,0,0,0,0,0,0,0,0,0,0,0,0,0,0,0,0]} 1. d4 Nf6 2. c4 e6 3. Nf3 d5 4. g3 Be7 5. Bg2 O-O 6. O-O dxc4 7. Qc2 a6 8. a4 Bd7 9. Qxc4 Bc6 10. Nc3 a5 11. Bf4 Na6 12. Qd3 {E05: Open Catalan: 5 Nf3 Be7} Nb4 13. Qb1 Nbd5 14. Bd2 {White has an edge.} Nxc3 15. bxc3 {[#]} Ne4 $146 ({Predecessor:} 15... Be4 16. Qb2 Qd5 17. Ne1 Bxg2 18. Nxg2 Rfb8 19. Rfb1 Ne4 {½-½ (32) Giri,A (2734)-Karjakin,S (2759) Wijk aan Zee 2014}) 16. Be1 Nd6 17. Ne5 Bxg2 18. Kxg2 Nc4 (18... f6 $5 {[%cal Rf6e5]} 19. Nd3 Qd7 $11) 19. Qxb7 Nxe5 20. dxe5 Rb8 21. Qe4 Rb2 22. f4 Bc5 23. Bf2 Bxf2 24. Kxf2 Qe7 (24... Qb8 $14) 25. Rfd1 (25. Rfb1 $142 Rb6 26. Qe3) 25... Qc5+ $16 26. Qd4 Qc6 27. Rab1 Rc2 28. Rb3 h5 29. Ra1 Qa6 30. Qe4 Qa7+ 31. Kf3 $1 Rd2 32. Rab1 (32. Rb5 $16) 32... Qc5 $1 $11 33. Qe3 Qc6+ 34. Kf2 Ra2 (34... Rfd8 $1 $11) 35. Rb8 $36 {[%mdl 2048] White has strong initiative.} Rxa4 36. Rxf8+ Kxf8 {[%mdl 4096] Endgame KQR-KQR} 37. Rb8+ (37. f5 $16 {Rb8+ would kill now.} Kg8 38. f6) 37... Ke7 $14 38. f5 {Intending Qg5+! and mate.} exf5 {[#]} (38... f6 $14) 39. Qg5+ $1 $16 {[%mdl 64] Double Attack} Ke6 40. Qxg7 Qc5+ 41. Kg2 Qe7 $2 (41... Qd5+ $16 42. Kh3 Kd7) 42. Qh8 Kd5 43. Rd8+ $2 ({Less strong is} 43. Qxh5 Qe6 $16) (43. Qc8 $18 Rc4 44. Ra8 (44. Qxf5 Qe6 $16) 44... Rxc3 45. Qxf5 (45. Rxa5+ Rc5 $18)) 43... Kc5 $11 44. Rd2 h4 45. Rb2 {aiming for Qb8.} hxg3 46. Qb8 {[%csl Gb2][%cal Rb8b5]} Qd7 47. hxg3 f4 48. Qa7+ Kc4 49. Qa6+ (49. Qb7 $11) 49... Kxc3 $17 {( -> ...Qd5+)} 50. Rb5 {[#]} Qg4 $2 (50... f3+ $1 $19 {[%mdl 512]} 51. Kh2 (51. exf3 Ra2+) 51... fxe2 52. Rc5+ {[%mdl 64] Discovered Attack} Kd4) 51. Rxa5 $11 {The position is equal.} Qxg3+ 52. Kf1 Qh3+ 53. Ke1 $1 Rxa5 54. Qxa5+ {KQ-KQ} Kd4 {Threatens to win with ...Qc3+.} 55. Qb4+ Kxe5 {Hoping for ...Qh4+.} 56. Qc5+ Kf6 {And now ...Qd7 would win.} 57. Qxc7 Qg3+ 58. Kf1 Qh3+ 59. Ke1 Qe3 60. Kf1 Kg6 61. Qc6+ f6 62. Qc8 Qe5 63. Qg4+ Qg5 64. Qc8 Qg3 65. Qg8+ Kf5 66. Qc8+ Kg5 67. Qg8+ Kh4 68. Qh8+ Kg5 69. Qg8+ Kf5 70. Qc8+ Ke5 {Accuracy: White = 69%, Black = 53%.} 1/2-1/2

[Event "79th GEO-ch 2020"]
[Site "Tbilisi"]
[Date "2020.02.01"]
[Round "2.1"]
[White "Pantsulaia, Levan"]
[Black "Nigalidze, Gaioz"]
[Result "0-1"]
[WhiteElo "2598"]
[BlackElo "2474"]
[Annotator "TA"]
[PlyCount "80"]
[EventDate "2020.01.29"]
[EventType "k.o."]
[EventCountry "GEO"]
[SourceTitle "playchess.com"]
[Source "ChessBase"]
[SourceQuality "1"]

{[%evp 17,80,8,8,12,16,14,14,8,31,25,27,14,17,0,0,-34,-22,-12,-10,-22,-19,-71,0,-22,-21,-23,-11,-6,-12,-27,-27,-254,-119,-124,-109,-104,-55,-122,-129,-162,-164,-144,-145,-166,-179,-180,-183,-276,-268,-379,-331,-346,-231,-350,-347,-420,-420,-752,-723,-633,-633,-633,-633,-611,-570]} 1. c4 c5 2. Nc3 Nc6 3. Nf3 g6 4. e3 Nf6 5. d4 cxd4 6. exd4 d5 7. cxd5 Nxd5 8. Qb3 e6 9. Bb5 Bg7 10. O-O {A35: Symmetrical English: 2 Nc3 Nc6 3 Nf3} O-O 11. Bxc6 bxc6 12. Na4 {The position is equal.} Qd6 13. Re1 Rb8 14. Qd1 Ne7 15. Re4 Qd5 {[#]} 16. Qe1 $146 ({Predecessor:} 16. Nc3 Qa5 17. Qa4 Qxa4 18. Nxa4 Nf5 19. b3 Rd8 20. Bb2 Rb4 21. Rd1 Rb5 22. Nc3 {½-½ (27) Iotov,V (2516)-Karthik,V (2470) Charlotte 2019}) 16... Nf5 {[%cal Rf5d4]} 17. b3 c5 {Strongly threatening ...Bb7.} 18. Bf4 $1 {[%cal Rf4b8]} Rb4 {[%cal Rf5d4]} 19. Be5 (19. Nxc5 $11 Nxd4 20. Nxd4 Rxd4 21. Rc1) 19... cxd4 (19... Nxd4 $17 20. Bxg7 Nxf3+ 21. gxf3 Qg5+ 22. Kh1 Rxe4) 20. Bxg7 Kxg7 21. Rxe6 Bxe6 ({Don't play} 21... Rxa4 $6 22. Re5 $16) 22. Qxb4 Rc8 23. Rd1 Rc2 {...Bd7 is the strong threat.} 24. Ne1 $2 {[#]} (24. h3 $11) 24... Rxa2 (24... a5 $1 $19 {[%cal Ra5b4] is more deadly.} 25. Qa3 Nh4) 25. Nc5 $17 a5 26. Qb6 h5 27. Ned3 ({White should play} 27. h3 $15) 27... Qd6 $36 {[%mdl 2048] Keeping White busy.} 28. Qxd6 Nxd6 29. Nxe6+ fxe6 {[%mdl 4096] Endgame KRN-KRN} 30. h4 Kf6 31. Re1 Rc2 32. g3 {[#]} (32. Kf1 {was called for.}) 32... Nf7 $1 $19 33. Ra1 (33. Kf1 $142) 33... Rc3 $1 {[%csl LRb3,LRd3]} 34. Nf4 Rc5 ({Not} 34... Rxb3 35. Rxa5 d3 36. Ra1 $19) 35. Ra4 (35. Nh3 {might work better.}) 35... e5 36. Nd3 Rc3 $1 {[%csl LRb3,LRd3]} 37. Nb2 (37. b4 $142 Rxd3 38. bxa5 Rd1+ 39. Kg2) 37... Rxb3 {Black is clearly winning.} 38. Ra2 Nd6 39. Kf1 e4 40. Ke1 Rb5 {Accuracy: White = 62%, Black = 77%.} 0-1